000 00827nas a2200265 4500
001 BR7604110
003 BR-BrBNA
005 20231205083020.0
007 ta
008 230509b bl.|||p| |||| 00| 00por d
040 _aBR-BrBNA
_bpor
_cBiblioteca Nacional de Agricultura
041 _a(Pt)
072 _aM40
100 1 _aMenezes, M.F. de
245 1 _aAspectos biologicos da serra, Scomberomorus maculatus (mitchill), capturada por currais-de-pesca [Acarau, Ceara, Brasil]
650 _aPEIXE MARINHO
650 _aPEIXE SERRA
650 _aREPRODUCAO ANIMAL
650 _aBIOLOGIA AQUATICA
650 _aACARAU
650 _aCEARA
773 0 _tArquivos de Ciencias do Mar (Brazil)
_xISSN 0374-5686
_g(Jun 1976), v. 16(1) p. 45-48
_wBR7604110
909 _a202311
_bLúcia
_c55
_dLúcia Elande
942 _2AGRIS
_n0
_cANA
999 _c95779
_d95779